Electrification of Smart Cities (Record no. 20795)

MARC details
000 -LEADER
fixed length control field 00791nam a2200133Ia 4500
008 - FIXED-LENGTH DATA ELEMENTS--GENERAL INFORMATION
fixed length control field 220616s9999||||xx |||||||||||||| ||und||
020 ## - INTERNATIONAL STANDARD BOOK NUMBER
International Standard Book Number 9783040000000
245 #0 - TITLE STATEMENT
Title Electrification of Smart Cities
546 ## - LANGUAGE NOTE
Language note English[eng]
650 ## - SUBJECT ADDED ENTRY--TOPICAL TERM
Topical term or geographic name entry element blockchain||double auction||electricity trading||smart match mechanism||multi-exposure image fusion||intelligent transportation system||adaptive optimization||video super-resolution||generative adversarial networks||edge enhancement||energy usage behaviour||occupancy monitoring||energy conservation||out-of-hours consumption||energy consumption monitoring||electric vehicles||detour||route computation||smart cities||n/a
700 ## - ADDED ENTRY--PERSONAL NAME
Personal name Lai, Chun Sing||Tsang, Kim-Fung||Wang, Yinhai
856 ## - ELECTRONIC LOCATION AND ACCESS
Uniform Resource Identifier <a href="https://mdpi.com/books/pdfview/book/5348">https://mdpi.com/books/pdfview/book/5348</a>
942 ## - ADDED ENTRY ELEMENTS (KOHA)
Koha item type E-Books
Holdings
Withdrawn status Lost status Damaged status Not for loan Home library Current library Date acquired Total Checkouts Date last seen Price effective from Koha item type
        Kerala University of Digital Sciences, Innovation and Technology Knowledge Centre Kerala University of Digital Sciences, Innovation and Technology Knowledge Centre 16/06/2022   16/06/2022 16/06/2022 E-Books